Most LGBT Friendly US States - Statistics

General Stats
  • This quiz has been taken 80 times
  • The average score is 17 of 20
Answer Stats
SCORE STATE % Correct
39.5 New York
100%
41.75 California
98%
37.25 Washington
95%
37.5 Oregon
89%
29.5 New Hampshire
85%
37.5 Vermont
85%
39.5 Maine
84%
40.5 Nevada
84%
33.0 Rhode Island
84%
38.0 Connecticut
82%
33.5 Hawaii
82%
35.0 Massachusetts
80%
29.0 Delaware
79%
36.5 Illinois
79%
25.5 Virginia
79%
41.5 Colorado
77%
38.5 New Jersey
77%
30.75 Maryland
75%
31.0 New Mexico
72%
34.5 Minnesota
70%
No matching quizzes found
Score Distribution
Percent of People with Each Score
Percentile by Number Answered
Your Score History
You have not taken this quiz